000 01097nam a22003257a 4500
003 CHAP
005 20220329141646.0
008 971013s1962 r 00010 d
010 _a71765
011 _a72737
035 _a82293
040 _cCHAP
082 _a693.5
_bG35
100 0 0 _aGamble, W. L.
_944563
245 _aMeasured and theoretical bending moments in reinforced concrete floor slabs
260 _aUrbana, Ill :
_bUniversity of Illinois,
_c1962
300 _a322 p.
_b: ilus.
490 _aCivil Engineering Studies. Estructural research series
_v; 246
590 _aBATCH-UPD
_b10
_c20130110
_lUCH01
_h0509
590 _aBATCH-UPD
_b10
_c20130110
_lUCH01
_h2149
590 _aCONVERSION
_b10
_c20130109
_lUCH01
_h1339
650 1 4 _aConcreto armado.
_926306
650 1 4 _aConcreto
_xConstrucciones.
_926304
700 0 _aSiess, C. P.
_9105879
700 0 _aSozen, M. A.
_9109107
830 0 _aCivil Engineering Studies. Estructural research series
_v; 246
_923551
901 _aBK
942 _cLIBRO
949 _a693.5 G35
_bBC
_cLIBRO
_d33724000108536
_eLIBRO
_h38257
_i82293
_mD
_si
999 _c71765
_d71765